Physics (Record no. 4473)

000 -LEADER
fixed length control field 00602 a2200229 4500
003 - CONTROL NUMBER IDENTIFIER
control field NUST
005 - DATE AND TIME OF LATEST TRANSACTION
control field 20231227150702.0
020 ## - INTERNATIONAL STANDARD BOOK NUMBER
International Standard Book Number 0-471-40194-3
040 ## - CATALOGING SOURCE
Original cataloging agency DLC
Language of cataloging DLC
082 0# - DEWEY DECIMAL CLASSIFICATION NUMBER
Classification number 530
Author Mark RES
082 0# - DEWEY DECIMAL CLASSIFICATION NUMBER
Classification number 530
100 1# - MAIN ENTRY--PERSONAL NAME
Personal name Halliday, David,
9 (RLIN) 5033
245 00 - TITLE STATEMENT
Title Physics
Number of part/section of a work Vol. 2
Statement of responsibility, etc. David Halliday, Robert Resnick, Kenneth S. Krane
250 ## - EDITION STATEMENT
Edition statement 5th ed.
260 ## - PUBLICATION, DISTRIBUTION, ETC.
Place of publication, distribution, etc. New York :
Name of publisher, distributor, etc. Wiley,
Date of publication, distribution, etc. 2002.
650 #7 - SUBJECT ADDED ENTRY--TOPICAL TERM
Topical term or geographic name entry element Physics
650 #7 - SUBJECT ADDED ENTRY--TOPICAL TERM
Topical term or geographic name entry element Fysik
9 (RLIN) 119807
650 #7 - SUBJECT ADDED ENTRY--TOPICAL TERM
Topical term or geographic name entry element Physics
9 (RLIN) 119808
700 1# - ADDED ENTRY--PERSONAL NAME
Personal name Resnick, Robert,
Dates associated with a name 1923-
Relator code aut
9 (RLIN) 1506
700 1# - ADDED ENTRY--PERSONAL NAME
Personal name Krane, Kenneth S.
Relator code aut
9 (RLIN) 39001
942 ## - ADDED ENTRY ELEMENTS (KOHA)
Koha item type Book
Call number prefix 530 RES
Source of classification or shelving scheme
Holdings
Withdrawn status Lost status Damaged status Not for loan Collection code Permanent Location Current Location Shelving location Date acquired Source of acquisition Cost, normal purchase price Total Checkouts Total Renewals Full call number Barcode Checked out Date last seen Date last checked out Price effective from Koha item type
          Central Library (CL) Central Library (CL) General Stacks 10/12/2004 Allied Book Company 1364.22 13 12 530 RES SEECS004877 03/19/2026 11/13/2025 11/13/2025 01/05/2017 Book
          Central Library (CL) Central Library (CL) General Stacks 10/12/2004 Allied Book Company 1364.22 2 1 530 RES SEECS004878   01/30/2026 10/21/2025 01/05/2017 Book
          Central Library (CL) Central Library (CL) General Stacks 04/23/2004 Book Field 602.85 19 11 530 RES SEECS004392   12/21/2025 09/26/2024 01/05/2017 Book
          Central Library (CL) Central Library (CL) General Stacks 10/12/2004 Allied Book Company 1364.22 11 3 530 RES SEECS004875   01/09/2025 12/27/2024 01/05/2017 Book
          Central Library (CL) Central Library (CL) General Stacks 10/16/2009 Star Books 864.78 4 3 530 RES SEECS009775 02/02/2026 09/14/2025 09/14/2025 01/05/2017 Book
          Central Library (CL) Central Library (CL) General Stacks 04/14/2014     8 7 530 RES SEECSD00195   08/07/2022 11/20/2020 01/05/2017 Book
          Central Library (CL) Central Library (CL) General Stacks 09/19/2013 Donation 0.00 8 5 530 RES SEECSD00958   04/18/2024 06/10/2022 09/20/2013 Book
          Central Library (CL) Central Library (CL) General Stacks 06/10/2015 Donation   3 10 530 RES SEECSD01111   02/13/2023 11/16/2021 06/08/2015 Book
© 2023 Central Library, National University of Sciences and Technology. All Rights Reserved.